Alle Kfz-Kennzeichen in Unterfranken - Statistiken

Allgemein
  • Dieses Quiz wurde 76 mal gespielt
  • Das Durchschnittsergebnis liegt bei 14 aus 23
Antwortstatistiken
Hint Antwort % Korrekt
Würzburg
94%
AB Aschaffenburg
93%
SW Schweinfurt
88%
MSP Main-Spessart
84%
MIL Miltenberg
84%
OCH Ochsenfurt
81%
KT Kitzingen
74%
ALZ Alzenau
72%
LOH Lohr am Main
68%
NES Neustadt an der Saale
68%
HAS Haßberge
65%
KG Kissingen
62%
KAR Karlstadt
60%
GEO Gerolzhofen
53%
EBN Ebern
50%
GEM Gemünden am Main
50%
KÖN Königshofen
49%
HAB Hammelburg
44%
BRK Brückenau
40%
OBB Obernburg
38%
MET Mellrichstadt
37%
MAR Marktheidenfeld
31%
HOH Hofheim
29%
Keine übereinstimmenden Quizze gefunden
Verteilung der Resultate
Anzahl Personen mit jedem Resultat
Perzentil nach korrekt beantworteten Fragen
Ihre Resultats-Entwicklung
Sie haben dieses Quiz noch nicht gespielt